LEADER 01248nam a2200229 i 4500 001 000000063905 003 CaOOAMICUS 005 20130321000000.0 008 130321s1963 xx u000 u ger u 013 $a35077 040 $aSeMil$bita 100 1 $aKramer, Werner .$0(OLS)http://semarc/name/32275 245 10$aChristos Kyrios Gottessohn :$bUntersuchungen zu Gebrauch und Bedeutung der christologischen Bezeichnungen bei Paulus und den vorpaulinischen Gemeinden /$cvon Werner Kramer. 260 $aZürich ; Stuttgart :$bZwingli,$c1963. 300 $a235 p. ;$c22 cm. 490 0 $aAbhandlungen zur Theologie des Alten und Neuen Testaments ;$v44 650 4$aPaolo - Gesù Cristo.$0(OLS)http://semarc/subject/9575 830 0$aAbhandlungen zur Theologie des Alten und Neuen Testaments ;$v44.$0(OLS)http://semarc/title/11745 850 $aSeMil 852 $aSeMil$W1$xVenegono$y1$m2M I 38$j30058$B30058$CSeMilBibl$Z2$F30061 $81 996 $6245$aChristos Kyrios Gottessohn :$bUntersuchungen zu Gebrauch und Bedeutung der christologischen Bezeichnungen bei Paulus und den vorpaulinischen Gemeinden$9(OLS)http://semarc/title/101019 996 $6260$aZürich ; Stuttgart :$bZwingli$9(OLS)http://semarc/publisher/32408 LEADER 01057nam a2200217 i 4500 001 000000090978 003 CaOOAMICUS 005 20160209000000.0 008 160209s1848 it u000 u ita u 013 $a63220 040 $aSeMil$bita 100 1 $aGentilucci, Emidio.$0(OLS)http://semarc/name/40799 245 13$aIl perfetto leggendario, ovvero Storia della vita di Maria Santissima /$cscritta da monsignor Emidio Gentilucci ... ; ornata ed arricchita di cinquantaquattro tavole all'acquerello. 260 $aRoma :$bTipografia della Minerva,$c1848. 300 $a[14], X, 455 p., LIV c. di tav. :$bill. ;$c29 cm. 500 $aSul front. : Vol. unico ; 1. ed. premiata. 600 04$aMaria .$0(OLS)http://semarc/subject/5190 850 $aSeMil 852 $aSeMil$W1$xVenegono$y1$m3H V 44 FA$j53939$B53939$CSeMilBibl$Z2$F58579 $8I 996 $6245$aIl perfetto leggendario, ovvero Storia della vita di Maria Santissima$9(OLS)http://semarc/title/137067 996 $6260$aRoma :$bTipografia della Minerva$9(OLS)http://semarc/publisher/38508